000 00479nam a22001937a 4500
003 MPLRDC
005 20220104123411.0
008 210129b ||||| |||| 00| 0 eng d
020 _a962-451-414-3
082 _a848.3 ZXX v.2
100 _a张小娴著
245 _a是谁拿走了那一双雪靴
_c
250 _a初版二刷
260 _a
_b皇冠出版社
_c1996
300 _b
490 _a皇冠丛书;415
650 _a现代别集
942 _cBK
_o848.3 ZXX v.2
999 _c11132
_d11122